00665nam a2200169Ia 4500008004100000020001500041040001800056041000800074110006200082245008900144260005600233300001800289505010000307650002300407651002400430651004100454130821s1993 fr gr fre  a2110029153 aCo-BoUCMbspa00afre1 aService D'information et de diffusion du premier ministre13aLa politique de la francecService D'information et de diffusion du premier ministre aParís (Francia)bLa documentarion Francaisec1993 a3 volúmenes aV.1: Mai 1988 - Juillet 1989.-- V.2: Aout 1990 - Juillet 1991.-- V.3: Aout 1991 - Juillet 1992.04aCiencia política 4aFranciaaPolítica 4aFranciaxPolítica socioeconómica